Countries, US States, Capitals, Elements, 100 Most Common Words: starting with 2 Vowels - Statistics

General Stats
  • This quiz has been taken 707 times
  • The average score is 8 of 12
Answer Stats
ANSWER % Correct
Australia
88%
Austria
88%
East Timor
76%
Ouagadougou
76%
Iowa
75%
Iodine
65%
Out
65%
Europium
63%
Austin
62%
Our
62%
Einsteinium
60%
Augusta
53%
No matching quizzes found
Score Distribution
Percent of People with Each Score
Percentile by Number Answered
Your Score History
You have not taken this quiz